Normal view
MARC view
Entry Personal Name
001 - CONTROL NUMBER
- control field: 33996
003 - CONTROL NUMBER IDENTIFIER
- control field: OSt
005 - DATE AND TIME OF LATEST TRANSACTION
- control field: 20221205150202.0
008 - FIXED-LENGTH DATA ELEMENTS
- fixed length control field: 221205|| aca||aabn | a|a d
040 ## - CATALOGING SOURCE
- Original cataloging agency: OSt
- Transcribing agency: OSt
100 ## - HEADING--PERSONAL NAME
- Personal name: Roland, D. Forder, J. and Jones, K.
670 ## - SOURCE DATA FOUND
- Source citation: Work cat.: (OSt)520377: Roland, D. Forder, J. and Jones, K. , State of the art what is out there and what can we learn? International evidence on funding and delivery of long-term care
